000 00567nam a2200193Ia 4500
008 120817t2001 xxu||||| |||| 00| 0 sin d
041 _asin
080 _a8-31 (eng)
_bDIC
100 _aDickens,Charles
245 _aදෙ නුවර අන්දරය
246 _aDe Nuwara Andaraya
260 _aM. D. Gunasena
_aColombo
_c2001
300 _b247p, 18 cm
500 _aSinhalese Translation of Charles Dickens's of A Tale of Two Cities
700 _aWickramasinghe,P. R.
_etr.
942 _cBK
999 _c40499
_d40499
003 LK-CoDNM
040 _aLK-CoDNM
_dLK-CoDNM
_eLK-CoDNM